Arthritis & arthroplasty. (Record no. 17475)

000 -LEADER
fixed length control field 00734cam a22002654a 4500
020 ## - INTERNATIONAL STANDARD BOOK NUMBER
ISBN 9781416056430
020 ## - INTERNATIONAL STANDARD BOOK NUMBER
ISBN 1416056432
040 ## - CATALOGING SOURCE
Transcribing agency DLC
082 00 - DEWEY DECIMAL CLASSIFICATION NUMBER
Classification number 617 SUA 2010 A115 Or.
245 00 - TITLE STATEMENT
Title Arthritis & arthroplasty.
246 3# - VARYING FORM OF TITLE
Title proper/short title Arthritis and arthroplasty.
246 30 - VARYING FORM OF TITLE
Title proper/short title Spine
260 ## - PUBLICATION, DISTRIBUTION, ETC. (IMPRINT)
Place of publication Philadelphia :
Name of publisher Saunders/Elsevier,
Year of publication c2010.
300 ## - PHYSICAL DESCRIPTION
Number of Pages xix, 392 p. :
Other physical details ill. (some col.) ;
Dimensions 29 cm. +
Accompanying material 1 DVD-ROM (4 3/4 in.).
490 1# - SERIES STATEMENT
Series statement Arthritis & arthroplasty series
650 #0 - SUBJECT ADDED ENTRY--TOPICAL TERM
Topical Term Spine
650 #0 - SUBJECT ADDED ENTRY--TOPICAL TERM
Topical Term Arthritis
650 #0 - SUBJECT ADDED ENTRY--TOPICAL TERM
Topical Term Arthroplasty.
650 12 - SUBJECT ADDED ENTRY--TOPICAL TERM
Topical Term Spine
650 22 - SUBJECT ADDED ENTRY--TOPICAL TERM
Topical Term Arthritis
650 22 - SUBJECT ADDED ENTRY--TOPICAL TERM
Topical Term Arthroplasty, Replacement.
700 1# - ADDED ENTRY--PERSONAL NAME
Personal name Shen, Francis H.
700 1# - ADDED ENTRY--PERSONAL NAME
Personal name Shaffrey, Christopher I.
942 ## - ADDED ENTRY ELEMENTS (KOHA)
Koha item type ADB
952 ## - LOCATION AND ITEM INFORMATION (KOHA)
Withdrawn status [LOCAL, KOHA] 0
952 ## - LOCATION AND ITEM INFORMATION (KOHA)
Withdrawn status [LOCAL, KOHA] 0
Holdings
Permanent Location Date acquired Koha item type Lost status Shelving location Barcode Current Location Full call number
Library Block A2018-12-03សៀវភៅភាសាអង់គ្លេស A115A36427Library Block A617 SUA 2010 A115 Or.
Library Block A2018-12-03សៀវភៅភាសាអង់គ្លេស A115A35847Library Block A617 SUA 2010 A115 Or.
មជ្ឈមណ្ឌលឯការនៃសាកលវិទ្យាល័យភូមិន្ទកសិកម្មចំការដូង

Powered by Koha